000 01073nam0a22002411i 4500
001 rc\3718866
005 20240726054401.0
021 _aRU
_b[72-9867а]
035 _a(NLR Aleph) 007772762
090 _a7484956
_c7484956
100 _a20130115d1972 |||y0rusy50 ca
101 0 _arus
102 _aRU
105 _ay d |||||
200 1 _aМесто и роль средств массовой информации и пропаганды в системе научно-атеистического воспитания
_e(На материалах социол. исследований)
_eАвтореф. дис. на соискание учен. степени канд. филос. наук
_e(625)
_fАкад. обществ. наук при ЦК КПСС. Ин-т науч. атеизма
210 _aМосква
_d1972
215 _a18 с.
320 _aСписок работ авт.: с. 18
700 1 _aСеверчук
_bИ.П.
_gИван Петрович
801 0 _aRU
_bNLR
_gpsbo
801 1 _aRU
_bELAR
_2rusmarc
852 _aNLR
_j72-4/35271
942 _cBOOK